00437 a2200169 4500001000700000020000600007040001100013100002000024240002600044245002100070362000900091440001200100697002700112942000700139952010200146999001900248162731 a  cMagnum aMarques, Amadeu10aA book of wisdomlING10aA book of wisdom0 a1899 1aÁtica aLITERATURA ESTRANGEIRA cBK 00104070a32.5b32.5d2024-06-08l0oLI.03828pMAG00005700r2024-06-08 20:34:57w2024-06-08yBK c162731d162731